000 00418nam a2200145Ia 4500
008 220217s9999||||xx |||||||||||||| ||und||
020 _a9788126521524
082 _a621.402 BOR
100 _aBorgnakke, Clause and Sontag, Richard
_98401
245 0 _aFundamentals of thermodynamics
250 _a7th
260 _aWiley india
_bNew Delhi
_c2011
300 _aXVII, 777p.
_b569
650 _aThermodynamics
_96541
999 _c183401
_d183401